Normal view MARC view

Entry Nombre personal

Number of records used in: 3

001 - NÚMERO DE CONTROL

  • campo de control: 148251

003 - IDENTIFICADOR DE NÚMERO DE CONTROL

  • campo de control: SpMaBN

005 - FECHA Y HORA DE LA ÚLTIMA TRANSACCIÓN

  • campo de control: 20250713014924.0

008 - ELEMENTOS DE DATO DE LONGITUD-FIJA

  • campo de control de longitud fija: 010212nn ainnnaabn a aaa

016 ## - NÚMERO DE CONTROL DE UNA AGENCIA BIBLIOGRÁFICA NACIONAL

  • Número de control del registro: BNE20010773221

024 7# - IDENTIFICADOR DE OTROS ESTÁNDARES

  • Número estándar o código: http://viaf.org/viaf/87696880/
  • Fuente: viaf

024 7# - IDENTIFICADOR DE OTROS ESTÁNDARES

  • Número estándar o código: https://isni.org/isni/0000000060558242
  • Fuente: isni

024 7# - IDENTIFICADOR DE OTROS ESTÁNDARES

  • Número estándar o código: http://www.wikidata.org/entity/Q6097100
  • Fuente: wikidata

040 ## - FUENTE DE CATALOGACIÓN

  • Centro catalogador/agencia de origen: SpMaBN
  • Lengua de catalogación: spa
  • Centro/agencia transcriptor: SpMaBN
  • Normas de descripción: rdc
  • Convención/Normas de encabezamiento de materia/tesauro: embne

046 ## - FECHAS CON CODIFICACIÓN ESPECIAL

  • Fecha de nacimiento: 1842
  • Fecha de la muerte: 1888

100 1# - ENCABEZAMIENTO-NOMBRE DE PERSONA

  • Nombre de persona: Calvo, Rafael,
  • Fechas asociadas al nombre: 1842-1888

370 ## - LUGAR ASOCIADO

  • Lugar de nacimiento: Sevilla
  • Número de control del registro de autoridad o número normalizado: XX450867
  • Fuente de información: Wikidata

374 ## - OCUPACIÓN

  • Ocupación: Actores
  • Fuente de información: Wikidata

375 ## - GÉNERO/SEXO

  • Género: Masculino

377 ## - IDIOMA ASOCIADO

  • Término de lengua/lenguaje: Español

400 1# - TRAZADO DE VÉASE--NOMBRE DE PERSONA

  • Nombre de persona: Calvo y Revilla, Rafael,
  • Fechas asociadas al nombre: 1842-1888

670 ## - FUENTE DE DATOS ENCONTRADOS

  • Cita de la fuente: Homenaje al genio artístico de Rafael Calvo, 1888

670 ## - FUENTE DE DATOS ENCONTRADOS

  • Cita de la fuente: Espasa
  • Información encontrada: (Calvo y Revilla (Rafael); n. 19-03-1842, Sevilla-m. 3-10-1888, Cádiz; actor dramático español perteneciente a una saga escénica)